[Event "Yuzhny FO-ch op"]
[Site "Armavir"]
[Date "2015.02.??"]
[Round "8"]
[White "Panarin, Vladimir"]
[Black "Pushkov, Nikolai"]
[Result "0-1"]
[WhiteElo "2019"]
[BlackElo "2303"]
[PlyCount "62"]
[EventDate "2015.02.13"]
[EventType "swiss"]
[EventRounds "9"]
[EventCountry "RUS"]
[SourceTitle "CBM 165 Extra"]
[Source "ChessBase"]
[SourceDate "2015.04.21"]
[SourceVersion "1"]
[SourceVersionDate "2015.04.21"]
[SourceQuality "1"]

1. d4 Nf6 2. c4 e6 3. g3 d5 4. Bg2 Bb4+ 5. Bd2 Be7 6. Nf3 0-0 7. 0-0 c6 8. Bf4 Nbd7 9. Qc2 a5 10. b3 a4 11. Nc3 Qa5 12. Rab1 axb3 13. axb3 b5 14. c5 b4 15. Na4 Ba6 16. Ne5 Nxe5 17. Bxe5 Nd7 18. Bf4 Bf6 19. Rfd1 Bb5 20. Ra1 e5 21. dxe5 Nxe5 22. Ra2 Nc4 23. e4 Na3 24. Rxa3 bxa3 25. e5 Bd8 26. Nc3 Bc7 27. Na2 Rfe8 28. Qf5 Re6 29. h4 Rae8 30. Bd2 Qa7 31. Be3 Bxe5 0-1

[Event "Belorechensk Seniors op"]
[Site "Belorechensk"]
[Date "2013.02.21"]
[Round "9"]
[White "Ostrovsky, Alexander"]
[Black "Panarin, Vladimir"]
[Result "1-0"]
[WhiteElo "2324"]
[BlackElo "2079"]
[PlyCount "139"]
[EventDate "2013.02.13"]
[EventType "swiss"]
[EventRounds "9"]
[EventCountry "RUS"]
[SourceTitle "CBM 153 Extra"]
[Source "ChessBase"]
[SourceDate "2013.04.22"]
[SourceVersion "1"]
[SourceVersionDate "2013.04.22"]
[SourceQuality "1"]

1. b3 d5 2. Bb2 c5 3. e3 Nf6 4. Nf3 Bg4 5. h3 Bh5 6. g4 Bg6 7. Bb5+ Nfd7 8. Ne5 a6 9. Nxg6 hxg6 10. Be2 Nc6 11. d4 cxd4 12. exd4 e6 13. Nd2 Nf6 14. a3 Bd6 15. b4 Qe7 16. Bf3 Kf8 17. Kf1 g5 18. Qe2 a5 19. b5 Na7 20. c4 Bf4 21. a4 Qd7 22. c5 g6 23. Nb3 Nc8 24. Nc1 b6 25. Nd3 Bc7 26. Ne5 Qe7 27. Ba3 bxc5 28. dxc5 Ne4 29. Nc6 Qf6 30. Bb2 Nd2+ 31. Qxd2 Qxf3 32. Rg1 Qxh3+ 33. Ke2 Rh7 34. Qd3 Qxd3+ 35. Kxd3 Ne7 36. Nxe7 Kxe7 37. b6 Bf4 38. c6 Rh3+ 39. Ke2 Kd6 40. b7 Rb8 41. Rgc1 Rb3 42. Bd4 Bxc1 43. Rxc1 e5 44. Ba7 R8xb7 45. cxb7 Rxb7 46. Bc5+ Ke6 47. Bf8 Rb2+ 48. Ke1 d4 49. Rc5 f5 50. Bg7 Rb1+ 51. Kd2 Rb2+ 52. Kd3 e4+ 53. Kxd4 Rxf2 54. Rxa5 Rd2+ 55. Ke3 Rd3+ 56. Ke2 Rd5 57. Ra6+ Kf7 58. Bc3 fxg4 59. Rf6+ Ke7 60. Rf1 g3 61. Bd2 Rd3 62. Ra1 Kd7 63. a5 Kc6 64. a6 Rd8 65. Bxg5 Rf8 66. Be3 Rh8 67. Kf1 Rh1+ 68. Bg1 Rh8 69. Rb1 Ra8 70. a7 1-0

[Event "Belorechensk Seniors op"]
[Site "Belorechensk"]
[Date "2013.02.20"]
[Round "8"]
[White "Panarin, Vladimir"]
[Black "Didy, Kaplan"]
[Result "1-0"]
[WhiteElo "2079"]
[BlackElo "1985"]
[PlyCount "56"]
[EventDate "2013.02.13"]
[EventType "swiss"]
[EventRounds "9"]
[EventCountry "RUS"]
[SourceTitle "CBM 153 Extra"]
[Source "ChessBase"]
[SourceDate "2013.04.22"]
[SourceVersion "1"]
[SourceVersionDate "2013.04.22"]
[SourceQuality "1"]

1. d4 Nf6 2. c4 g6 3. Nc3 Bg7 4. g3 d6 5. Bg2 Nbd7 6. Nf3 0-0 7. 0-0 c6 8. Qc2 Qc7 9. h3 b5 10. Nd2 Bb7 11. Rb1 bxc4 12. Nxc4 d5 13. Bf4 Qc8 14. Ne5 Nh5 15. Na4 Nxf4 16. gxf4 Qc7 17. Bxd5 Nxe5 18. dxe5 Qa5 19. Bg2 Rac8 20. Nc5 Ba8 21. b4 Qc7 22. Rfd1 Rfd8 23. Rxd8+ Rxd8 24. Rd1 h6 25. Rd3 a5 26. a3 axb4 27. axb4 Kh7 28. Rxd8 Qxd8 1-0

[Event "Belorechensk Seniors op"]
[Site "Belorechensk"]
[Date "2013.02.18"]
[Round "6"]
[White "Panarin, Vladimir"]
[Black "Kutovoi, Valery"]
[Result "1-0"]
[WhiteElo "2079"]
[BlackElo "1857"]
[PlyCount "45"]
[EventDate "2013.02.13"]
[EventType "swiss"]
[EventRounds "9"]
[EventCountry "RUS"]
[SourceTitle "CBM 153 Extra"]
[Source "ChessBase"]
[SourceDate "2013.04.22"]
[SourceVersion "1"]
[SourceVersionDate "2013.04.22"]
[SourceQuality "1"]

1. d4 e6 2. c4 b6 3. Nf3 Bb7 4. Nc3 Nf6 5. Bg5 Be7 6. e3 d6 7. Bd3 Nbd7 8. 0-0 h6 9. Bh4 g5 10. Bg3 Nh5 11. d5 Nxg3 12. fxg3 e5 13. Nd2 0-0 14. Qh5 Kg7 15. Rf2 Nf6 16. Qe2 Bc8 17. h3 Ng8 18. Raf1 Bd7 19. g4 a6 20. Nde4 Qe8 21. Ng3 Bd8 22. Bc2 Ne7 23. Nh5+ 1-0

[Event "Krasnodar Region Cup"]
[Site "Krasnodar"]
[Date "2013.01.28"]
[Round "6"]
[White "Panarin, Vladimir"]
[Black "Gusakov, Anatoly"]
[Result "1-0"]
[WhiteElo "2079"]
[BlackElo "1938"]
[PlyCount "113"]
[EventDate "2013.01.23"]
[EventType "swiss"]
[EventRounds "8"]
[EventCountry "RUS"]
[SourceTitle "EXT 2023"]
[Source "ChessBase"]
[SourceDate "2022.10.05"]
[SourceVersion "1"]
[SourceVersionDate "2022.10.05"]
[SourceQuality "1"]

1. d4 e6 2. c4 Nf6 3. Nf3 d5 4. Nc3 h6 5. Bf4 a6 6. e3 Bd6 7. c5 Bxf4 8. exf4 Nh5 9. g3 g6 10. b4 0-0 11. Bd3 Bd7 12. Rb1 Be8 13. 0-0 Nd7 14. a4 f5 15. Re1 Ng7 16. Ne5 Nf6 17. f3 g5 18. Qd2 Nfh5 19. fxg5 Qxg5 20. Qxg5 hxg5 21. b5 a5 22. Rb2 Rf6 23. Rbe2 Rh6 24. Rc2 Nf6 25. Ne2 Rd8 26. Kg2 Nh7 27. Ng1 Nh5 28. Nh3 Kf8 29. Rce2 N5f6 30. g4 f4 31. Bc2 Kg7 32. Nd3 Bf7 33. Re5 Nd7 34. R5e2 Ndf6 35. Ne5 Be8 36. Bd3 Kf8 37. Rc1 Kg7 38. c6 b6 39. Nd7 Bxd7 40. cxd7 Rxd7 41. Rc6 Nf8 42. Nxg5 Ng8 43. Rec2 Kf6 44. Nh3 Ke7 45. Rxc7 Rxc7 46. Rxc7+ Nd7 47. Nxf4 Rf6 48. Kg3 Rf7 49. Rc6 e5 50. dxe5 Nc5 51. Nxd5+ Kd8 52. Bf5 Ne7 53. Nxe7 Kxe7 54. Rc7+ Kf8 55. Rxf7+ Kxf7 56. Bc2 Ke6 57. f4 1-0

[Event "Krasnodar Region Cup"]
[Site "Krasnodar"]
[Date "2013.01.26"]
[Round "4"]
[White "Panarin, Vladimir"]
[Black "Kiriushin, Vladimir"]
[Result "0-1"]
[WhiteElo "2079"]
[BlackElo "2151"]
[PlyCount "130"]
[EventDate "2013.01.23"]
[EventType "swiss"]
[EventRounds "8"]
[EventCountry "RUS"]
[SourceTitle "EXT 2023"]
[Source "ChessBase"]
[SourceDate "2022.10.05"]
[SourceVersion "1"]
[SourceVersionDate "2022.10.05"]
[SourceQuality "1"]

1. d4 Nf6 2. c4 e6 3. Nc3 Bb4 4. e3 0-0 5. Nge2 d5 6. a3 Be7 7. Nf4 b6 8. Be2 dxc4 9. Bxc4 Bb7 10. 0-0 Nbd7 11. Qe2 e5 12. Nfd5 Nxd5 13. Nxd5 Bd6 14. dxe5 Nxe5 15. e4 Nxc4 16. Qxc4 Re8 17. g3 Qc8 18. Re1 Qe6 19. Bd2 f5 20. Rac1 Rac8 21. f3 fxe4 22. fxe4 Kh8 23. b4 c5 24. b5 Be5 25. Be3 Bb2 26. Rc2 Bd4 27. Rce2 Qe5 28. Bf2 Rf8 29. Nf4 Rf6 30. Nd3 Qe6 31. Qxe6 Rxe6 32. Nf4 Re5 33. Nd3 Bxf2+ 34. Kxf2 Rf8+ 35. Kg1 Re7 36. Nf4 Rfe8 37. e5 g5 38. Nh5 Bf3 39. Nf6 Bxe2 40. Nxe8 Bxb5 41. Nd6 Bd7 42. Kf2 Kg7 43. Re4 Kg6 44. g4 b5 45. h3 c4 46. Ke2 a6 47. Kd2 h5 48. Kc3 hxg4 49. hxg4 Be6 50. Kd4 Rc7 51. Kc3 Rh7 52. Re3 Bxg4 53. a4 bxa4 54. Kxc4 Be6+ 55. Kb4 Rh4+ 56. Ka3 g4 57. Ne4 Rh3 58. Ng3 Kg5 59. Rc3 Kf4 60. Ne2+ Ke4 61. Ng3+ Kxe5 62. Kxa4 Bd5 63. Ka5 Bf3 64. Nf1 Be2 65. Ng3 Bb5 0-1

[Event "Krasnodar Region-ch"]
[Site "Krasnodar"]
[Date "2012.10.09"]
[Round "8"]
[White "Panarin, Vladimir"]
[Black "Lugovskoy, Vladimir"]
[Result "1-0"]
[WhiteElo "2097"]
[BlackElo "2006"]
[PlyCount "67"]
[EventDate "2012.10.02"]
[EventType "swiss"]
[EventRounds "9"]
[EventCountry "RUS"]
[SourceTitle "EXT 2013"]
[Source "ChessBase"]
[SourceDate "2012.11.22"]
[SourceVersion "1"]
[SourceVersionDate "2012.11.22"]
[SourceQuality "1"]

1. d4 d5 2. c4 e6 3. Nc3 c6 4. e3 Nf6 5. Nf3 Be7 6. Qc2 Nbd7 7. g4 dxc4 8. Bxc4 Nb6 9. Bd3 Bd7 10. a3 g6 11. Ne5 Bd6 12. g5 Nh5 13. Ne4 Be7 14. h4 Nd5 15. Bd2 Qc7 16. 0-0-0 Rf8 17. Kb1 Ng7 18. Rc1 f6 19. gxf6 Nxf6 20. Nxf6+ Rxf6 21. Ng4 0-0-0 22. Nxf6 Bxf6 23. Qc5 Kb8 24. e4 Be8 25. Be3 Nh5 26. Qc4 Qe7 27. e5 Bxh4 28. d5 Rxd5 29. Rxh4 Rxd3 30. Qxd3 Qxh4 31. Rd1 Kc8 32. Bxa7 Qe7 33. Bb6 Bd7 34. Qc3 1-0